The Land Reform (Scotland) Bill (Record no. 71981)

MARC details
000 -LEADER
fixed length control field 01386cam a2200253 4500
001 - CONTROL NUMBER
control field ABS66383
008 - FIXED-LENGTH DATA ELEMENTS--GENERAL INFORMATION
fixed length control field 030128n2002 000 0 eng u
035 ## - SYSTEM CONTROL NUMBER
System control number (Sirsi) u121138
100 ## - MAIN ENTRY--PERSONAL NAME
Personal name Houldsworth, D.
245 #4 - TITLE STATEMENT
Title The Land Reform (Scotland) Bill
260 ## - PUBLICATION, DISTRIBUTION, ETC.
Date of publication, distribution, etc. 2002
490 ## - SERIES STATEMENT
Series statement Landowning in Scotland
Volume/sequential designation (272) December 2002/January 2003 25-28(4)
520 ## - SUMMARY, ETC.
Summary, etc. Explores some of the detail of all three parts of the Land Reform (Scotland) Bill now that it has been published in its amended form after completing stage two of the legislative process. Part 1 deals with access rights; Part 2 deals with the community right to buy and Part 3 deals with the crofting community right to buy, highlighting issues of particular concern to landowners, farmers and other occupiers of rural land. However, it must be realised that the Bill may be changed further at stage three and before it is enacted. View the Bill (as amended at stage 2) at www.scottish.parliament.uk.
590 ## - LOCAL NOTE (RLIN)
Local note ABS
650 ## - SUBJECT ADDED ENTRY--TOPICAL TERM
Topical term or geographic name entry element LAND REFORM (SCOTLAND) ACT 2003
650 ## - SUBJECT ADDED ENTRY--TOPICAL TERM
Topical term or geographic name entry element SCOTLAND
650 ## - SUBJECT ADDED ENTRY--TOPICAL TERM
Topical term or geographic name entry element RIGHTS OF ACCESS
650 ## - SUBJECT ADDED ENTRY--TOPICAL TERM
Topical term or geographic name entry element RIGHT TO BUY
650 ## - SUBJECT ADDED ENTRY--TOPICAL TERM
Topical term or geographic name entry element LANDOWNERS
650 ## - SUBJECT ADDED ENTRY--TOPICAL TERM
Topical term or geographic name entry element FARMERS
690 ## - LOCAL SUBJECT ADDED ENTRY--TOPICAL TERM (OCLC, RLIN)
Topical term or geographic name as entry element PROPERTY AND LAND LAW-CASE LAW
856 ## - ELECTRONIC LOCATION AND ACCESS
Uniform Resource Identifier <a href="https://www.scottish.parliament.uk/parl_bus/bills/b44as1.pdf">https://www.scottish.parliament.uk/parl_bus/bills/b44as1.pdf</a>
Hours access method available View the Bill (as amended at stage 2) on the Scottish Parliament website...
942 ## - ADDED ENTRY ELEMENTS (KOHA)
Suppress in OPAC 0
Holdings
Withdrawn status Lost status Source of classification or shelving scheme Damaged status Not for loan Home library Current library Shelving location Date acquired Total Checkouts Full call number Barcode Date last seen Copy number Price effective from Koha item type
    Dewey Decimal Classification     London London Journal article 28/01/2003   ABS66383 121138-1001 06/08/2019 1 06/08/2019 Journal article